LEADER 01031nam a2200217 i 4500 001 000000235923 003 CaOOAMICUS 005 20141118000000.0 008 141118s1933 it u000 u ita u 013 $a214827 040 $aSeMil$bita 245 12$aL'economia Italiana nel 1932 /$cAssociazione fra le Società Italiane per Azioni ; Confederazione Generale Fascista dell'Industria Italiana. 260 $aRoma :$bTipografia del Senato,$c1933. 300 $a151 p. :$btab. ;$c25 cm. 650 4$aEconomia - Storia - Sec. 20.-21.$0(OLS)http://semarc/subject/7853 700 1 $aConfederazione Generale Fascista dell'Industria Italiana.$0(OLS)http://semarc/name/80615 700 1 $aAssociazione fra le Società Italiane per Azioni.$0(OLS)http://semarc/name/80614 850 $aSeMil 852 $aSeMil$W1$xVenegono$y1$m3M V 105$j186269$B186269$CSeMilBibl$Z2$F197131 $81 996 $6245$aL'economia Italiana nel 1932$9(OLS)http://semarc/title/336201 996 $6260$aRoma :$bTipografia del Senato$9(OLS)http://semarc/publisher/38925 LEADER 01185nam a2200289 i 4500 001 000000079859 003 CaOOAMICUS 005 20190419092208.0 008 131114s2005 it u000 u ita u 013 $a52097 020 $a978-88-7466-182-4 040 $aSeMil$bita 100 1 $aBaldry, Anna.$0(OLS)http://semarc/name/38571 245 10$aFocus group in azione :$bl'utilizzo in campo educativo e psicosociale /$cAnna Baldry. 260 $aRoma :$bCarocci Faber,$c2005. 300 $a127 p. ;$c18 cm. 490 0 $aI tascabili [Carocci] 650 4$aAziende - Organizzazione.$0(OLS)http://semarc/subject/15893 650 4$aLavoro di gruppo.$0(OLS)http://semarc/subject/4242 830 2$aI tascabili.$0(OLS)http://semarc/title/17742 850 $aSeMil 852 $aSeMil$W1$xVenegono$y1$m3X I 77$j45483$B45483$CSeMilBibl$Z2$F47456 $81 961 $aOmaggio: Bressan don Luca 996 $6020$a978-88-7466-182-4$9(OLS)http://semarc/number/61114 996 $6245$aFocus group in azione :$bl'utilizzo in campo educativo e psicosociale$9(OLS)http://semarc/title/127759 996 $6260$aRoma :$bCarocci Faber$9(OLS)http://semarc/publisher/38000